Słowa 4-literowe _a_a - Statystyki

Ogólne statystyki
  • Ten quiz został rozwiązany 159 razy
  • Średni wynik to 21 z 41
Statystyki odpowiedzi
Odpowiedź % Poprawnych
tata
80%
mama
78%
para
71%
tama
70%
kara
68%
rama
68%
wata
68%
lama
67%
mata
64%
dama
63%
rata
63%
tara
59%
gama
58%
rada
58%
sala
58%
waza
58%
baba
57%
paka
55%
kawa
54%
rana
54%
lawa
52%
ława
52%
gaza
51%
mapa
51%
kapa
49%
waga
48%
fama
47%
hala
46%
taca
46%
fala
44%
saga
41%
jawa
40%
lada
40%
lala
40%
łata
40%
masa
36%
rafa
34%
żaba
33%
pała
29%
napa
28%
gafa
25%
Nie znaleziono quizów pasujących do podanych kryteriów
Rozkład punktacji
Procent ludzi z każdym wynikiem
Percentyl według liczby udzielonych odpowiedzi
Twoja historia wyników
Nie rozwiązałeś tego quizu